LEADER 00867nam a2200241 a 4500 001 000000137937 003 CaOOAMICUS 005 20140327141430.0 008 140327s1974 it a u000 u ita r 040 $aPUL$bita 100 1 $aZavoli, Sergio,$d1923-$0(OLS)http://pul/name/32027 245 12$aI figli del labirinto /$cSergio Zavoli. 260 $aTorino :$bSocietà editrice internazionale,$c1974. 300 $a325 p. :$bill. ;$c24 cm 490 1 $aLe firme 830 0$aFirme.$0(OLS)http://pul/title/174668 850 $aPUL 852 $aPUL$W1$xDP1 Fondo E. Rossi$y115$m7 C 39$j158999$qFondi$B158557$CPULBib$Z2$F158557 $82 941 1 $a1 961 $aDedica autografa dell'A. 996 $6245$aI figli del labirinto$9(OLS)http://pul/title/174669 996 $6260$aTorino :$bSocietà editrice internazionale$9(OLS)http://pul/publisher/48156 LEADER 01098nam a2200277 u 4500 001 000000055536 003 CaOOAMICUS 005 20070226115809.0 008 010205s1966 it u000 u ita u 035 $a10867066 040 $aPUL(R)$bita 041 1 $aita$hger 100 1 $aHaag, Herbert,$d1915-2001.$0(OLS)http://pul/name/9207 240 10$aAm Morgen der Zeit.$lItaliano.$0(OLS)http://pul/title/74336 245 10$aAl mattino del tempo /$cHerbert Haag. 260 $aBrescia :$bQueriniana,$c1966. 300 $a62 p. ;$c20 cm 490 1 $aMeditazioni teologiche ;$v2 630 04$aBiblia.$pV.T.$pGenesis$xCritica e interpretazione.$0(OLS)http://pul/subject/2021 830 0$aMeditazioni teologiche ;$v2.$0(OLS)http://pul/title/13642 850 $aPUL 852 $aPUL$W1$xCollocazioni Temporanee$y24$mGP2 A VI.1$j72995$nBK-PRI$b $qStampati$B72995$CPULBib$Z2$F72995 $H $81 941 1 $a8 961 $aINV: 0254 996 $6245$aAl mattino del tempo$9(OLS)http://pul/title/74337 996 $6260$aBrescia :$bQueriniana$9(OLS)http://pul/publisher/47906